Rimba: : sustainable forest livelihoods in Malaysia and Australia

Bibliographic Details
Other Authors: Ainsworth, Gillian , 1968-, Garnett, Stephen , 1955-
Format: Book
Published: Bangi : Institut Alam Sekitar dan Pembangunan, Universiti Kebangsaan Malaysia , 2009
Subjects:

MARC

LEADER 00000cam a2200000 7i4500
001 0000003875
005 20110803.0
020 0 0 |a 9789675227301 
090 0 0 |a 634.909595   |b GILL 2009 
245 1 0 |a Rimba: :   |b sustainable forest livelihoods in Malaysia and Australia   |c editors Gillian Ainsworth, Stephen Garnett 
260 0 0 |a Bangi :   |b Institut Alam Sekitar dan Pembangunan, Universiti Kebangsaan Malaysia ,   |c 2009 
300 |a 163 p. :   |b ill. ;   |c 23 cm. 
650 0 0 |a Environmentaleducation---Australia 
650 0 0 |a Forest and forestry---Malaysia 
650 0 0 |a Sustainable forestry 
700 0 1 |a Ainsworth, Gillian ,   |d 1968- 
700 0 1 |a Garnett, Stephen ,   |d 1955- 
998 |a JPSM 
999 |a 007671   |b Monograph   |c Open Shelf   |e Default branch